<?xml version="1.0" encoding="UTF-8"?>
<record
    xmlns:xsi="http://www.w3.org/2001/XMLSchema-instance"
    xsi:schemaLocation="http://www.loc.gov/MARC21/slim http://www.loc.gov/standards/marcxml/schema/MARC21slim.xsd"
    xmlns="http://www.loc.gov/MARC21/slim">

  <leader>00360nam a22001577a 4500</leader>
  <controlfield tag="003">OSt</controlfield>
  <controlfield tag="005">20240320143343.0</controlfield>
  <controlfield tag="008">211129b        xxu||||| |||| 00| 0 eng d</controlfield>
  <datafield tag="020" ind1=" " ind2=" ">
    <subfield code="a">8170284023</subfield>
  </datafield>
  <datafield tag="040" ind1=" " ind2=" ">
    <subfield code="c">SERIOSOFT</subfield>
  </datafield>
  <datafield tag="100" ind1=" " ind2=" ">
    <subfield code="a">OJHA,DASHRATH</subfield>
  </datafield>
  <datafield tag="245" ind1=" " ind2=" ">
    <subfield code="a">HINDI NATAK:UDBHAV OR VIKAS</subfield>
  </datafield>
  <datafield tag="260" ind1=" " ind2=" ">
    <subfield code="a">DELHI</subfield>
    <subfield code="b">RAJPAL</subfield>
    <subfield code="c">2018</subfield>
  </datafield>
  <datafield tag="300" ind1=" " ind2=" ">
    <subfield code="a">415</subfield>
  </datafield>
  <datafield tag="942" ind1=" " ind2=" ">
    <subfield code="2">ddc</subfield>
    <subfield code="c">02</subfield>
  </datafield>
  <datafield tag="999" ind1=" " ind2=" ">
    <subfield code="c">51147</subfield>
    <subfield code="d">51147</subfield>
  </datafield>
  <datafield tag="952" ind1=" " ind2=" ">
    <subfield code="0">0</subfield>
    <subfield code="1">0</subfield>
    <subfield code="2">ddc</subfield>
    <subfield code="4">0</subfield>
    <subfield code="7">0</subfield>
    <subfield code="a">01</subfield>
    <subfield code="b">01</subfield>
    <subfield code="d">2021-11-29</subfield>
    <subfield code="e">ARISTA</subfield>
    <subfield code="f">MA</subfield>
    <subfield code="g">415.00</subfield>
    <subfield code="i">HO/IN/41</subfield>
    <subfield code="l">0</subfield>
    <subfield code="p">01-B-134352</subfield>
    <subfield code="r">2021-11-29</subfield>
    <subfield code="w">2021-11-29</subfield>
    <subfield code="y">02</subfield>
  </datafield>
  <datafield tag="952" ind1=" " ind2=" ">
    <subfield code="0">0</subfield>
    <subfield code="1">0</subfield>
    <subfield code="2">ddc</subfield>
    <subfield code="4">0</subfield>
    <subfield code="7">0</subfield>
    <subfield code="a">01</subfield>
    <subfield code="b">01</subfield>
    <subfield code="d">2021-11-29</subfield>
    <subfield code="e">ARISTA</subfield>
    <subfield code="f">MA</subfield>
    <subfield code="g">415.00</subfield>
    <subfield code="i">HO/IN/41</subfield>
    <subfield code="l">0</subfield>
    <subfield code="p">01-B-134353</subfield>
    <subfield code="r">2021-11-29</subfield>
    <subfield code="w">2021-11-29</subfield>
    <subfield code="y">02</subfield>
  </datafield>
  <datafield tag="952" ind1=" " ind2=" ">
    <subfield code="0">0</subfield>
    <subfield code="1">0</subfield>
    <subfield code="2">ddc</subfield>
    <subfield code="4">0</subfield>
    <subfield code="7">0</subfield>
    <subfield code="a">01</subfield>
    <subfield code="b">01</subfield>
    <subfield code="d">2021-11-29</subfield>
    <subfield code="e">ARISTA</subfield>
    <subfield code="f">MA</subfield>
    <subfield code="g">415.00</subfield>
    <subfield code="i">HO/IN/41</subfield>
    <subfield code="l">0</subfield>
    <subfield code="p">01-B-134354</subfield>
    <subfield code="r">2021-11-29</subfield>
    <subfield code="w">2021-11-29</subfield>
    <subfield code="y">02</subfield>
  </datafield>
  <datafield tag="952" ind1=" " ind2=" ">
    <subfield code="0">0</subfield>
    <subfield code="1">0</subfield>
    <subfield code="2">ddc</subfield>
    <subfield code="4">0</subfield>
    <subfield code="7">0</subfield>
    <subfield code="a">01</subfield>
    <subfield code="b">01</subfield>
    <subfield code="d">2021-11-29</subfield>
    <subfield code="e">ARISTA</subfield>
    <subfield code="f">MA</subfield>
    <subfield code="g">415.00</subfield>
    <subfield code="i">HO/IN/41</subfield>
    <subfield code="l">1</subfield>
    <subfield code="p">01-B-134355</subfield>
    <subfield code="r">2025-11-10</subfield>
    <subfield code="s">2025-10-31</subfield>
    <subfield code="w">2021-11-29</subfield>
    <subfield code="y">02</subfield>
  </datafield>
  <datafield tag="952" ind1=" " ind2=" ">
    <subfield code="0">0</subfield>
    <subfield code="1">0</subfield>
    <subfield code="2">ddc</subfield>
    <subfield code="4">0</subfield>
    <subfield code="7">0</subfield>
    <subfield code="a">01</subfield>
    <subfield code="b">01</subfield>
    <subfield code="d">2021-11-29</subfield>
    <subfield code="e">ARISTA</subfield>
    <subfield code="f">MA</subfield>
    <subfield code="g">415.00</subfield>
    <subfield code="i">HO/IN/41</subfield>
    <subfield code="l">0</subfield>
    <subfield code="p">01-B-134356</subfield>
    <subfield code="r">2021-11-29</subfield>
    <subfield code="w">2021-11-29</subfield>
    <subfield code="y">02</subfield>
  </datafield>
</record>
